Study of risk factors among breast cancer patients being treated in tertiary level hospital of Nepal - A case control study.
ABSTRACT: NA.
Saved in:
| Main Author: | |
|---|---|
| Format: | Book |
| Language: | English |
| Published: |
c2019.
|
| Subjects: | |
| Online Access: | Visit NHRC Library |
| Tags: |
Add Tag
No Tags, Be the first to tag this record!
|
| LEADER | 00805nam a22002297a 4500 | ||
|---|---|---|---|
| 003 | OSt | ||
| 005 | 20220906184715.0 | ||
| 008 | 200723b ||||| |||| 00| 0 eng d | ||
| 952 | |0 0 |1 0 |2 NLM |4 0 |6 THS_00560_000000000000000_RAN_2019 |7 0 |9 3112 |a NHRC |b NHRC |d 2020-07-23 |l 0 |o THS00560/RAN/2019 |p THS-00560 |r 2020-07-23 |w 2020-07-23 |y TR | ||
| 999 | |c 2878 |d 2878 | ||
| 060 | |a THS-00560 | ||
| 100 | |a Rana,Asmita. |9 3588 | ||
| 245 | |a Study of risk factors among breast cancer patients being treated in tertiary level hospital of Nepal - A case control study. | ||
| 260 | |c c2019. | ||
| 300 | |a 99p. | ||
| 500 | |a Thesis Report. | ||
| 520 | |a ABSTRACT: NA. | ||
| 650 | |a Breast cancer. |9 1880 | ||
| 650 | |a Patients. |9 1467 | ||
| 650 | |a Nepal. |9 362 | ||
| 856 | |u http://nhrc.gov.np/contact/ |y Visit NHRC Library | ||
| 942 | |2 NLM |c TR | ||